ស្វែងយល់ពីបរិស្ថានយើង / (Record no. 1531)

MARC details
000 -LEADER
fixed length control field 01704nam a22003017a 4500
001 - CONTROL NUMBER
control field 1531
003 - CONTROL NUMBER IDENTIFIER
control field FISKH
005 - DATE AND TIME OF LATEST TRANSACTION
control field 20250530114749.0
008 - FIXED-LENGTH DATA ELEMENTS--GENERAL INFORMATION
fixed length control field 230904b cb ||||| |||| 00| 0 khr d
022 ## - INTERNATIONAL STANDARD SERIAL NUMBER
Source 9789995054724
040 ## - CATALOGING SOURCE
Original cataloging agency FISKH
Language of cataloging eng
Transcribing agency FISKH
Modifying agency FISKH
082 ## - DEWEY DECIMAL CLASSIFICATION NUMBER
Classification number 363.70525
100 ## - MAIN ENTRY--PERSONAL NAME
Personal name Sarith, Huot
245 ## - TITLE STATEMENT
Title ស្វែងយល់ពីបរិស្ថានយើង /
Statement of responsibility, etc. និពន្ធដោយ ហួត សារិទ្ធ និង Anne-Laure Poree
250 ## - EDITION STATEMENT
Edition statement បោះពុម្ពលើកទី ៧ កញ្ញា ២០២១
260 ## - PUBLICATION, DISTRIBUTION, ETC.
Place of publication, distribution, etc. Phnom Penh :
Name of publisher, distributor, etc. Sipar,
Date of publication, distribution, etc. 2021.
300 ## - PHYSICAL DESCRIPTION
Extent 60 pages :
Other physical details color illustrations ;
Dimensions 20 cm
490 ## - SERIES STATEMENT
Series statement ខ្ញុំចង់ដឹង
505 ## - FORMATTED CONTENTS NOTE
Formatted contents note Z'<br/>
520 ## - SUMMARY, ETC.
Summary, etc. ស្វែងយល់ពីបរិស្ថានរបស់យើង ផ្តល់ព័ត៌មានអំពីបរិស្ថានវិទ្យាជុំវិញ ការបំផ្លិចបំផ្លាញ និងឥទ្ធិពលនៃប្រព័ន្ធអេកូឡូស៊ី ក៏ដូចជាវិធីជួយបរិស្ថានរបស់យើងមកវិញ។​
520 ## - SUMMARY, ETC.
Summary, etc. Discover our Environment gives the information about surrounding ecology, ecological destruction and effect as well as the way to help our environment back.
650 ## - SUBJECT ADDED ENTRY--TOPICAL TERM
Topical term or geographic name entry element បរិាស្ថាន
Form subdivision ការបំផ្លិចបំផ្លាញ
General subdivision ការការពារ
650 ## - SUBJECT ADDED ENTRY--TOPICAL TERM
Topical term or geographic name entry element Environment
Form subdivision Destruction
General subdivision Prevention
700 ## - ADDED ENTRY--PERSONAL NAME
Personal name Poree, Anne-Laure
Relator term Author
700 ## - ADDED ENTRY--PERSONAL NAME
Personal name Rotha, Ouk
Relator term illustrator
700 ## - ADDED ENTRY--PERSONAL NAME
Personal name Ronareak, Mao
Relator term illustrator
942 ## - ADDED ENTRY ELEMENTS (KOHA)
Source of classification or shelving scheme Dewey Decimal Classification
Koha item type Books
Suppress in OPAC No
Holdings
Withdrawn status Lost status Source of classification or shelving scheme Damaged status Not for loan Collection Home library Current library Shelving location Date acquired Total Checkouts Full call number Barcode Date last seen Copy number Price effective from Koha item type Date due Date last checked out
    Dewey Decimal Classification     Khmer Non-Fiction / សៀវភៅខ្មែរ រឿងពិត Footprints International School Library Network Toul Kork Campus Footprints International School Library Network Toul Kork Campus   09/04/2023   SAR 363.70525 2023-0468 09/04/2023 1 09/04/2023 Khmer Books    
    Dewey Decimal Classification     Khmer Non-Fiction / សៀវភៅខ្មែរ រឿងពិត Footprints International School Library Network Toul Kork Campus Footprints International School Library Network Toul Kork Campus   09/04/2023   SAR 363.70525 2023-0469 09/04/2023 2 03/26/2024 Khmer Books    
    Dewey Decimal Classification     Khmer Non-Fiction / សៀវភៅខ្មែរ រឿងពិត Footprints International School Library Network Toul Kork Campus Footprints International School Library Network Toul Kork Campus TK Old Khmer Books (Rear Hallway Shelf 3) 03/26/2024   SAR 363.70525 FISTK03720 03/26/2024 3 03/26/2024 Khmer Books    
    Dewey Decimal Classification     Khmer Non-Fiction / សៀវភៅខ្មែរ រឿងពិត Footprints International School Library Network Toul Kork Campus Footprints International School Library Network Toul Kork Campus TK Old Khmer Books (Rear Hallway Shelf 3) 03/26/2024   SAR 363.70525 FISTK03721 06/04/2024 4 03/26/2024 Khmer Books    
    Dewey Decimal Classification     Khmer Non-Fiction / សៀវភៅខ្មែរ រឿងពិត Footprints International School Library Network Toul Tom Poung Campus Footprints International School Library Network Toul Kork Campus TTP Primary Khmer Bookshelves 03/26/2024 1 SAR 363.70525 FIS03331 01/23/2026 6 03/26/2024 Khmer Books 02/06/2026 01/23/2026
    Dewey Decimal Classification     Khmer Non-Fiction / សៀវភៅខ្មែរ រឿងពិត Footprints International School Library Network Toul Tom Poung Campus Footprints International School Library Network Toul Tom Poung Campus TTP Secondary Khmer Bookshelves 03/26/2024   SAR 363.70525 FIS01540 09/20/2024 5 03/26/2024 Khmer Books    
    Dewey Decimal Classification     Khmer Non-Fiction / សៀវភៅខ្មែរ រឿងពិត Footprints International School Library Network Toul Tom Poung Campus Footprints International School Library Network Toul Tom Poung Campus TTP Secondary Khmer Bookshelves 03/11/2025   SAR 363.70525 FIS05049 03/11/2025 7 03/11/2025 Khmer Books    
    Dewey Decimal Classification     Khmer Non-Fiction / សៀវភៅខ្មែរ រឿងពិត Footprints International School Library Network Toul Tom Poung Campus Footprints International School Library Network Toul Tom Poung Campus TTP Secondary Khmer Bookshelves 04/02/2025   SAR 363.70525 FIS03960 04/02/2025 8 04/02/2025 Khmer Books    
    Dewey Decimal Classification     Khmer Non-Fiction / សៀវភៅខ្មែរ រឿងពិត Footprints International School Library Network Toul Tom Poung Campus Footprints International School Library Network Toul Tom Poung Campus TTP Primary Khmer Bookshelves 04/02/2025   SAR 363.70525 FISSE02313 04/02/2025 9 04/02/2025 Khmer Books    
    Dewey Decimal Classification     Khmer Non-Fiction / សៀវភៅខ្មែរ រឿងពិត Footprints International School Library Network Toul Tom Poung Campus Footprints International School Library Network Toul Tom Poung Campus TTP Secondary Khmer Bookshelves 11/21/2025   SAR 363.70525 2025-4868 11/21/2025 10 11/21/2025 Khmer Books    
    Dewey Decimal Classification     Khmer Non-Fiction / សៀវភៅខ្មែរ រឿងពិត Footprints International School Library Network Toul Tom Poung Campus Footprints International School Library Network Toul Tom Poung Campus TTP Secondary Khmer Bookshelves 04/09/2026   SAR 363.70525 2026-0486 04/09/2026 11 04/09/2026 Khmer Books